Jazykovedné, literárnovedné a didaktické kolokvium XXXII. zborník vedeckých prác a vedeckých štúdií

Guardado en:
Detalles Bibliográficos
Otros Autores: Lančarič, Daniel, Repka, Richard, Brychová, Sylvia
Formato: Libro
Lenguaje:eslovaco
inglés
Publicado: Bratislava Z-F LINGUA 2015
Materias:
Etiquetas: Agregar Etiqueta
Sin Etiquetas, Sea el primero en etiquetar este registro!

MARC

LEADER 00000nlm$a2200000$$$4500
001 0213049
005 20240104130508.1
020 |a 978-80-8177-017-3 
041 0 |a slo 
041 0 |a eng 
044 |a SK 
245 1 0 |a Jazykovedné, literárnovedné a didaktické kolokvium XXXII.  |b zborník vedeckých prác a vedeckých štúdií  |c zostavil/editor: Daniel Lančarič ; recenzenti/reviewers: Richard Repka, Sylvia Brychová 
264 1 |a Bratislava  |b Z-F LINGUA  |c 2015 
300 |a CD-ROM [156 s.] 
610 2 0 |a jazykoveda 
610 2 0 |a didaktika 
610 2 0 |a literatúra 
610 2 0 |a preklady 
610 2 0 |a jazyky cudzie 
610 2 0 |a terminológia 
610 2 0 |a pedagogika 
610 2 0 |a vyučovanie 
610 2 0 |a vzdelávanie 
610 2 0 |a školstvo 
610 2 0 |a psychológia 
610 2 0 |a psychológia pedagogická 
610 2 0 |a sociológia 
700 1 |a Lančarič, Daniel 
700 1 |a Repka, Richard 
700 1 |a Brychová, Sylvia